[Event "zonal 3.5 (w)"]
[Site "Tianjin CHN"]
[Date "2007.04.28"]
[Round "1.1"]
[White "Zhang Pengxiang"]
[Black "Wei Chenpeng"]
[Result "1/2-1/2"]
[WhiteElo "2657"]
[BlackElo "2343"]
[EventDate "2007.04.28"]
[PlyCount "142"]

1.c4 Nf6 2.Nf3 b6 3.Nc3 Bb7 4.d4 e6 5.a3 d5 6.Bg5 Be7 7.e3 Nbd7 8.cxd5 
Nxd5 9.Bxe7 Qxe7 10.Rc1 c6 11.Qa4 Nxc3 12.Rxc3 O-O 13.Ba6 Bxa6 14.Qxa6 e5 
15.O-O exd4 16.exd4 c5 17.Rfc1 cxd4 18.Nxd4 Qe4 19.Qd3 Qxd3 20.Rxd3 Rfe8 
21.Kf1 g6 22.b4 Ne5 23.Re3 Ng4 24.Rxe8+ Rxe8 25.h3 Ne5 26.Re1 Rd8 27.Nb5 
Nc4 28.Rc1 Rc8 29.Kg1 a6 30.Nd4 b5 31.Nb3 Ra8 32.Ra1 Rd8 33.Nc5 a5 34.bxa5
Nxa5 35.Rb1 Nc4 36.Rxb5 Nxa3 37.Rb4 Nc2 38.Rb7 h5 39.Nd7 Nd4 40.Ne5 Rf8 
41.g3 h4 42.gxh4 Kg7 43.Kg2 Nf5 44.h5 gxh5 45.Kf3 Nd6 46.Rd7 Re8 47.Nd3 
Re6 48.Nf4 Rf6 49.Ke3 Nc4+ 50.Ke4 Nd6+ 51.Kf3 Kh8 52.Rd8+ Kg7 53.h4 Kh7 
54.Ra8 Nc4 55.Kg3 Nd6 56.Ra4 Nf5+ 57.Kh3 Ng7 58.Kg2 Rf5 59.Re4 Rb5 60.Re7 
Nf5 61.Rxf7+ Kg8 62.Rd7 Nxh4+ 63.Kg3 Ng6 64.Ne6 Rb3+ 65.Kh2 Ne5 66.Rg7+ 
Kh8 67.f4 Nf3+ 68.Kg2 Nd4 69.Re7 Rb2+ 70.Kh3 Rb3+ 71.Kg2 Rb2+ 1/2-1/2

[Event "zonal 3.5 (w)"]
[Site "Tianjin CHN"]
[Date "2007.04.28"]
[Round "1.2"]
[White "Wang Li"]
[Black "Bu Xiangzhi"]
[Result "1/2-1/2"]
[WhiteElo "2337"]
[BlackElo "2656"]
[EventDate "2007.04.28"]
[PlyCount "79"]

1.e4 c5 2.Nf3 d6 3.d4 cxd4 4.Nxd4 Nf6 5.Nc3 a6 6.Be3 e5 7.Nb3 Be7 8.Be2 
Be6 9.f4 exf4 10.Bxf4 Nc6 11.Qd2 d5 12.exd5 Nxd5 13.Nxd5 Qxd5 14.Qxd5 Bxd5
15.O-O f5 16.Rad1 O-O-O 17.Bd3 g6 18.c3 Bf7 19.Bc2 Bc4 20.Rfe1 Bh4 21.g3 
Bf6 22.Kf2 Rxd1 23.Rxd1 Re8 24.Re1 Rxe1 25.Kxe1 Ne5 26.Kf2 Nd3+ 27.Bxd3 
Bxd3 28.h4 Bc4 29.Ke3 Bd5 30.Kd2 Be4 31.a3 Be7 32.Ke3 Kd7 33.Kd4 b6 34.Nd2
Bc2 35.Nc4 Kc6 36.Ne5+ Kb7 37.Nf3 Bf6+ 38.Be5 Be7 39.Bf4 Bf6+ 40.Be5 
1/2-1/2

[Event "zonal 3.5 (w)"]
[Site "Tianjin CHN"]
[Date "2007.04.28"]
[Round "1.5"]
[White "Zhou JIanchao"]
[Black "Ding Liren"]
[Result "1/2-1/2"]
[WhiteElo "2572"]
[BlackElo "2289"]
[EventDate "2007.04.28"]
[PlyCount "110"]

1.d4 Nf6 2.c4 g6 3.Nc3 Bg7 4.e4 O-O 5.f3 d6 6.Be3 c6 7.Bd3 a6 8.a4 a5 9.
Qd2 Na6 10.Rd1 e5 11.Nge2 Qe7 12.O-O Nd7 13.Bb1 Re8 14.f4 Nb6 15.b3 exd4 
16.Bxd4 Nc5 17.Bxg7 Kxg7 18.Bc2 Bg4 19.Rfe1 Rad8 20.h3 Bxe2 21.Nxe2 Qc7 
22.Ng3 Nc8 23.Kh1 f6 24.Qf2 Nd7 25.Qf3 Nc5 26.Rf1 Rf8 27.h4 Rde8 28.h5 Qd7
29.Kh2 Rf7 30.Rd2 Rff8 31.Rh1 b6 32.Kg1 g5 33.Nf5+ Kg8 34.fxg5 fxg5 35.Qc3
Re5 36.Nxd6 Qe7 37.Qd4 Nxd6 38.Qxd6 Nxe4 39.Qxe7 Rxe7 40.Bxe4 Rxe4 41.Rh3 
Rfe8 42.Rhd3 Kg7 43.Rd7+ Kh6 44.Rc7 R8e6 45.Rd3 c5 46.Kf2 Kxh5 47.Rxh7+ 
Kg6 48.Rhd7 Re2+ 49.Kf3 Re1 50.R7d6 Rf1+ 51.Kg3 Re1 52.Rxe6+ Rxe6 53.Kf3 
Kf5 54.Rd5+ Kg6 55.g3 Kh5 1/2-1/2

[Event "zonal 3.5 (w)"]
[Site "Tianjin CHN"]
[Date "2007.04.28"]
[Round "1.6"]
[White "Xiu Deshun"]
[Black "Zhao Jun"]
[Result "1-0"]
[WhiteElo "2289"]
[BlackElo "2554"]
[EventDate "2007.04.28"]
[PlyCount "105"]

1.d4 Nf6 2.c4 d6 3.Nc3 Nbd7 4.e4 e5 5.Nf3 Be7 6.Be2 O-O 7.O-O c6 8.d5 a6 
9.Ne1 Nc5 10.Qc2 cxd5 11.cxd5 b5 12.b4 Na4 13.Nxa4 bxa4 14.Bd3 Bd7 15.Qe2 
Qb8 16.Nc2 Ne8 17.Be3 f5 18.exf5 Bxf5 19.Bxf5 Rxf5 20.Na3 Rf7 21.Rfc1 Nf6 
22.Qd1 Qb7 23.Rc6 Qxb4 24.Nc4 Rb8 25.Rc1 a5 26.h3 Bf8 27.Bb6 Qb5 28.Bc7 
Re8 29.Nxd6 Bxd6 30.Bxd6 Rd7 31.R1c5 Qb4 32.Bc7 Qa3 33.Qc2 e4 34.Rc3 Qb4 
35.R6c4 Qf8 36.d6 Nd5 37.Qxa4 Qf5 38.Rc1 Nf4 39.Rc5 Qg6 40.g3 Nxh3+ 41.Kh2
Qe6 42.Re5 Qxe5 43.Qxd7 Ng5 44.Rc5 Qe6 45.Qxe6+ Nxe6 46.Re5 Kf7 47.d7 Re7 
48.Rd5 a4 49.d8=Q Nxd8 50.Bxd8 Rb7 51.Ba5 Rb2 52.Rd2 Rb5 53.Bc3 1-0

[Event "zonal 3.5 (w)"]
[Site "Tianjin CHN"]
[Date "2007.04.28"]
[Round "1.7"]
[White "Li Shilong"]
[Black "Wu Kaiyu"]
[Result "1-0"]
[WhiteElo "2552"]
[BlackElo "2287"]
[EventDate "2007.04.28"]
[PlyCount "73"]

1.e4 e5 2.Nf3 Nf6 3.d4 Nxe4 4.Bd3 d5 5.dxe5 Nc5 6.Nc3 c6 7.O-O Be7 8.Ne2 
Nxd3 9.cxd3 O-O 10.d4 Na6 11.Ng3 f6 12.exf6 Bxf6 13.h3 Nc7 14.Be3 Nb5 15.
Re1 Nd6 16.Qd3 Bh4 17.Nxh4 Qxh4 18.Qe2 Bf5 19.Qh5 Qxh5 20.Nxh5 Nc4 21.b3 
Na3 22.Rac1 Rae8 23.Re2 Bg6 24.Ng3 Nb5 25.Rd2 Nd6 26.Nf1 Re6 27.f3 Be8 28.
Bf2 Nf5 29.Rc3 Bd7 30.Ne3 Nxe3 31.Rxe3 Rfe8 32.Rxe6 Rxe6 33.g4 Kf7 34.Bg3 
Re3 35.Kf2 Rc3 36.Bd6 Kg6 37.Ba3 1-0

[Event "zonal 3.5 (w)"]
[Site "Tianjin CHN"]
[Date "2007.04.28"]
[Round "1.8"]
[White "Li Haoyu"]
[Black "Li Chao"]
[Result "1-0"]
[WhiteElo "2285"]
[BlackElo "2525"]
[EventDate "2007.04.28"]
[PlyCount "113"]

1.c4 Nf6 2.Nc3 d5 3.cxd5 Nxd5 4.g3 g6 5.Bg2 Nb6 6.Nf3 Bg7 7.O-O O-O 8.d3 
Nc6 9.Be3 e5 10.Qc1 Re8 11.h3 Nd4 12.Kh2 c6 13.Rd1 f5 14.Bg5 Qd6 15.Bh6 
Be6 16.Bxg7 Kxg7 17.Ng5 Bg8 18.e3 Ne6 19.Nxe6+ Bxe6 20.d4 e4 21.Qc2 Qb4 
22.b3 a5 23.Rab1 Qa3 24.Qc1 Qxc1 25.Rdxc1 Re7 26.a4 Nc8 27.Bf1 Nd6 28.Nd1 
Rc7 29.Rc3 Rcc8 30.Rbc1 b5 31.Rxc6 Bxb3 32.axb5 a4 33.b6 Rxc6 34.Rxc6 Bxd1
35.Rxd6 Rb8 36.Bb5 Kh6 37.Bc4 Bc2 38.Rc6 Bd3 39.Kg2 Bc2 40.Kf1 Bb1 41.Bd5 
a3 42.Rc3 Bd3+ 43.Kg2 Rxb6 44.Rxa3 Rb1 45.g4 fxg4 46.hxg4 Kg5 47.f3 Kh4 
48.fxe4 Be2 49.e5 Bxg4 50.e6 Rb2+ 51.Kf1 Kg3 52.Ra1 Rb8 53.e7 Bd7 54.Ra7 
Be8 55.Ra8 Rb1+ 56.Ke2 Bb5+ 57.Kd2 1-0

[Event "zonal 3.5 (w)"]
[Site "Tianjin CHN"]
[Date "2007.04.28"]
[Round "1.9"]
[White "Liang Chong"]
[Black "Wang Jiaquan"]
[Result "1-0"]
[WhiteElo "2505"]
[BlackElo "2276"]
[EventDate "2007.04.28"]
[PlyCount "89"]

1.d4 Nf6 2.c4 e6 3.Nc3 Bb4 4.Qc2 O-O 5.a3 Bxc3+ 6.Qxc3 b6 7.Bg5 Bb7 8.e3 
c5 9.dxc5 bxc5 10.f3 Qe7 11.Nh3 Nc6 12.Nf4 Rad8 13.Nh5 e5 14.Bd3 d5 15.
cxd5 Rxd5 16.Bxf6 gxf6 17.Be4 Rd6 18.O-O f5 19.Bxf5 Qh4 20.Ng3 Rh6 21.Bh3 
Bc8 22.Rad1 Bxh3 23.gxh3 Qxh3 24.Rf2 Re8 25.Qxc5 Ree6 26.b4 a6 27.a4 Rhg6 
28.Rg2 h5 29.b5 axb5 30.axb5 h4 31.bxc6 hxg3 32.hxg3 Rxg3 33.Rd2 Reg6 34.
Qc2 Qh6 35.Rxg3 Rxg3+ 36.Rg2 Qxe3+ 37.Kh2 Rxg2+ 38.Kxg2 Qg5+ 39.Kf1 Qe3 
40.c7 Qxf3+ 41.Kg1 Qe3+ 42.Kg2 Qg5+ 43.Kh1 Qh4+ 44.Qh2 Qc4 45.Qg2+ 1-0

[Event "zonal 3.5 (w)"]
[Site "Tianjin CHN"]
[Date "2007.04.28"]
[Round "1.11"]
[White "Wang Rui"]
[Black "Tian Bohan"]
[Result "1-0"]
[WhiteElo "2482"]
[BlackElo "2249"]
[EventDate "2007.04.28"]
[PlyCount "95"]

1.d4 d5 2.c4 c6 3.Nf3 e6 4.e3 Bd6 5.Bd3 f5 6.O-O Nf6 7.b3 Qe7 8.Bb2 O-O 9.
Qc1 b6 10.Ba3 Bb7 11.Bxd6 Qxd6 12.Qa3 Qxa3 13.Nxa3 Na6 14.Rfc1 Nb4 15.Bf1 
a5 16.Nc2 h6 17.a3 Nxc2 18.Rxc2 Nd7 19.cxd5 exd5 20.g3 g6 21.Rac1 Rac8 22.
Ne1 Ra8 23.Nd3 Kf7 24.h3 Ke7 25.Nf4 Rf6 26.g4 Kd6 27.Kh2 Rg8 28.Bd3 Nf8 
29.gxf5 gxf5 30.Nh5 Rf7 31.b4 axb4 32.axb4 Rg5 33.Nf4 Ne6 34.Ba6 Ba8 35.
Nxe6 Kxe6 36.Bc8+ Kd6 37.Ra2 Bb7 38.Ra7 Rgg7 39.Rg1 Rxg1 40.Kxg1 Rc7 41.
Bxb7 Ke7 42.Kg2 Kf6 43.Kg3 Kg5 44.Ra8 Rxb7 45.Rc8 c5 46.bxc5 bxc5 47.Rxc5 
Rd7 48.Rc6 1-0

[Event "zonal 3.5 (w)"]
[Site "Tianjin CHN"]
[Date "2007.04.28"]
[Round "1.12"]
[White "Wang Chen"]
[Black "Wen Yang"]
[Result "1-0"]
[WhiteElo "2249"]
[BlackElo "2475"]
[EventDate "2007.04.28"]
[PlyCount "73"]

1.e4 c5 2.Nf3 Nc6 3.Bb5 g6 4.O-O Bg7 5.c3 e5 6.d3 Nge7 7.Be3 d6 8.d4 exd4 
9.cxd4 O-O 10.Nc3 b6 11.dxc5 dxc5 12.Qa4 Bb7 13.Rad1 Qc8 14.Nd5 Nxd5 15.
exd5 Nb4 16.Bd7 Qb8 17.d6 Nd5 18.Bc6 Bxc6 19.Qxc6 Nxe3 20.fxe3 Qe8 21.d7 
Qxe3+ 22.Kh1 Rad8 23.Qc7 Bxb2 24.Rfe1 Qh6 25.Re4 f5 26.Re6 Qg7 27.Qc6 Bf6 
28.Rdd6 Bc3 29.Re8 Qf7 30.Rxf8+ Kxf8 31.Ng5 Qxa2 32.Rd1 Qb3 33.Ne6+ Kg8 
34.Rg1 Rxd7 35.Qc8+ Kf7 36.Qxd7+ Kf6 37.Qg7+ 1-0

[Event "zonal 3.5 (w)"]
[Site "Tianjin CHN"]
[Date "2007.04.28"]
[Round "1.13"]
[White "Zhou Weiqi"]
[Black "Ji Dan"]
[Result "1-0"]
[WhiteElo "2469"]
[BlackElo "2246"]
[EventDate "2007.04.28"]
[PlyCount "61"]

1.e4 c5 2.Nf3 d6 3.d4 cxd4 4.Nxd4 Nf6 5.Nc3 a6 6.Be2 e6 7.O-O Be7 8.a4 Nc6
9.Be3 O-O 10.f4 Qc7 11.Kh1 Nxd4 12.Qxd4 Nd7 13.a5 Re8 14.Rfd1 Nf8 15.Na4 
Bd7 16.Nb6 Rad8 17.c4 Bc6 18.Qd3 Bf6 19.Rab1 d5 20.e5 Be7 21.cxd5 Bxd5 22.
Nxd5 Rxd5 23.Bb6 Rxd3 24.Bxc7 Rxd1+ 25.Rxd1 Rc8 26.Bd6 Bxd6 27.exd6 Nd7 
28.Bf3 b6 29.axb6 Nxb6 30.d7 Rd8 31.Rd6 1-0

[Event "zonal 3.5 (w)"]
[Site "Tianjin CHN"]
[Date "2007.04.28"]
[Round "1.14"]
[White "Lin Yi"]
[Black "Du Shan"]
[Result "0-1"]
[WhiteElo "2226"]
[BlackElo "2399"]
[EventDate "2007.04.28"]
[PlyCount "94"]

1.d4 d5 2.c4 e6 3.Nc3 Nf6 4.Nf3 c6 5.e3 Nbd7 6.Qc2 Bd6 7.b3 O-O 8.Bb2 a6 
9.Bd3 b5 10.O-O Bb7 11.Rfe1 h6 12.a3 bxc4 13.bxc4 c5 14.cxd5 cxd4 15.Nxd4 
Nxd5 16.Ne4 Bc7 17.Rac1 Ne5 18.Nc5 Nxd3 19.Qxd3 Rb8 20.Rc2 Qd6 21.Nf3 Rfd8
22.e4 Nf4 23.Qc3 Qf8 24.Qe3 Bd6 25.Ne5 Bxc5 26.Rxc5 Bxe4 27.Rc7 Nd5 28.
Qxe4 Nxc7 29.Ba1 Rd5 30.Nc6 Rb6 31.Nb4 Rd7 32.h4 Nb5 33.a4 Nd4 34.Nd3 f5 
35.Qe5 Qd6 36.Rc1 Qxe5 37.Rc8+ Kh7 38.Nxe5 Rd5 39.h5 Rxe5 40.Bxd4 Re1+ 41.
Kh2 Rd6 42.Bc3 Rc1 43.Rc7 e5 44.f4 Rd3 45.Bxe5 Rxc7 46.Bxc7 Rc3 47.Bd6 Rc6
0-1

[Event "zonal 3.5 (w)"]
[Site "Tianjin CHN"]
[Date "2007.04.28"]
[Round "1.15"]
[White "Wan Yunguo"]
[Black "Yu Yangyi"]
[Result "1/2-1/2"]
[WhiteElo "2386"]
[BlackElo "2204"]
[EventDate "2007.04.28"]
[PlyCount "58"]

1.e4 c5 2.Nf3 d6 3.d4 cxd4 4.Nxd4 Nf6 5.Nc3 Nc6 6.g3 g6 7.Nde2 Bg7 8.Bg2 
O-O 9.O-O Bd7 10.h3 a6 11.a4 Rb8 12.Kh2 b5 13.axb5 axb5 14.Nd5 Nxd5 15.
exd5 Ne5 16.Ra7 b4 17.Re1 b3 18.cxb3 Qb6 19.Be3 Qxb3 20.Qxb3 Rxb3 21.Nc1 
Rxb2 22.Bd4 Nf3+ 23.Bxf3 Bxd4 24.Rxd7 Rxf2+ 25.Bg2 Rc8 26.Nd3 Rd2 27.Nf4 
Rcc2 28.Rexe7 Be5 29.Rxf7 Bxf4 1/2-1/2

[Event "zonal 3.5 (w)"]
[Site "Tianjin CHN"]
[Date "2007.04.28"]
[Round "1.16"]
[White "Zhang Xiaowen"]
[Black "Wang yu"]
[Result "1/2-1/2"]
[WhiteElo "2203"]
[BlackElo "2384"]
[EventDate "2007.04.28"]
[PlyCount "73"]

1.e4 e5 2.Nf3 Nc6 3.Bb5 a6 4.Ba4 Nf6 5.O-O Be7 6.Re1 b5 7.Bb3 O-O 8.h3 Bb7
9.d3 d6 10.a3 Na5 11.Ba2 c5 12.Nbd2 Nc6 13.Nf1 Bc8 14.Ne3 Be6 15.Bd5 Bd7 
16.Ba2 Be6 17.Bd5 Bxd5 18.exd5 Nd4 19.Nd2 Qc8 20.g4 b4 21.a4 b3 22.c3 Nc2 
23.Nxc2 bxc2 24.Qf3 h5 25.gxh5 Nh7 26.Kh2 f5 27.Qg2 Kh8 28.Rg1 Bf6 29.Nf3 
Qe8 30.Nh4 Qxh5 31.Ng6+ Kg8 32.f4 exf4 33.Nxf4 Qh4 34.Ng6 Qh5 35.Nf4 Qh4 
36.Ng6 Qh5 37.Nf4 1/2-1/2

[Event "zonal 3.5 (w)"]
[Site "Tianjin CHN"]
[Date "2007.04.28"]
[Round "1.17"]
[White "Gu Xiaobing"]
[Black "Jia Haoxiang"]
[Result "1-0"]
[WhiteElo "2351"]
[BlackElo "2198"]
[EventDate "2007.04.28"]
[PlyCount "83"]

1.e4 c5 2.Nc3 Nc6 3.Bb5 e6 4.Bxc6 bxc6 5.f4 d5 6.e5 Ne7 7.Nf3 Nf5 8.d3 Be7
9.O-O h5 10.b3 a5 11.Re1 Ba6 12.Ba3 c4 13.Bxe7 Qxe7 14.bxc4 dxc4 15.d4 Rd8
16.Ne4 c5 17.Nxc5 Nxd4 18.Nxa6 Nb3 19.Qb1 Qa7+ 20.Kh1 Nxa1 21.Qb5+ Qd7 22.
Rxa1 O-O 23.Qxd7 Rxd7 24.Nc5 Rd5 25.Ne4 Rb8 26.c3 Rd3 27.Nfd2 Rb2 28.Nxc4 
Re2 29.Ng5 Rxc3 30.Rb1 g6 31.Nd6 Rb2 32.Rg1 Rxa2 33.h3 Rcc2 34.Nde4 Kg7 
35.Rd1 Rc7 36.Nf6 Rb7 37.Rd8 Rab2 38.Ne8+ Kh6 39.Nd6 Rb8 40.Rd7 Kg7 41.
Rxf7+ Kg8 42.Nde4 1-0

[Event "zonal 3.5 (w)"]
[Site "Tianjin CHN"]
[Date "2007.04.28"]
[Round "1.18"]
[White "An Zhixiao"]
[Black "Ju Wenjun"]
[Result "1/2-1/2"]
[WhiteElo "2169"]
[BlackElo "2345"]
[EventDate "2007.04.28"]
[PlyCount "40"]

1.e4 c5 2.Nf3 d6 3.d4 cxd4 4.Nxd4 Nf6 5.Nc3 a6 6.Be2 e5 7.Nb3 Be7 8.O-O 
O-O 9.Kh1 b6 10.Be3 Bb7 11.f3 b5 12.a4 b4 13.Nd5 Nxd5 14.exd5 Nd7 15.c3 
bxc3 16.bxc3 Qc7 17.c4 Rfb8 18.Qd2 a5 19.Rfd1 Nb6 20.Rdc1 Bd8 1/2-1/2

[Event "zonal 3.5 (w)"]
[Site "Tianjin CHN"]
[Date "2007.04.29"]
[Round "2.2"]
[White "Gu Xiaobing"]
[Black "Li Shilong"]
[Result "1/2-1/2"]
[WhiteElo "2351"]
[BlackElo "2552"]
[EventDate "2007.04.28"]
[PlyCount "47"]

1.d4 d5 2.c4 c6 3.Nf3 Nf6 4.Nc3 dxc4 5.a4 Bf5 6.Ne5 Nbd7 7.Nxc4 Nb6 8.Ne5 
a5 9.g3 e6 10.Bg2 Bb4 11.O-O O-O 12.e3 h6 13.Qe2 Bh7 14.Rd1 Nfd7 15.Nd3 
Qe7 16.e4 e5 17.dxe5 Nxe5 18.Nxe5 Qxe5 19.Be3 Bc5 20.Rac1 Bxe3 21.Qxe3 Nc4
22.Qd4 Qxd4 23.Rxd4 Nb6 24.b4 1/2-1/2

[Event "zonal 3.5 (w)"]
[Site "Tianjin CHN"]
[Date "2007.04.29"]
[Round "2.3"]
[White "Xiu Deshun"]
[Black "Liang Chong"]
[Result "1/2-1/2"]
[WhiteElo "2289"]
[BlackElo "2505"]
[EventDate "2007.04.28"]
[PlyCount "115"]

1.d4 c6 2.c4 d5 3.Nc3 e6 4.e3 Nf6 5.Nf3 a6 6.b3 Bb4 7.Bd2 O-O 8.Qc2 Nbd7 
9.Bd3 Qe7 10.O-O e5 11.dxe5 Nxe5 12.Nxe5 Qxe5 13.cxd5 cxd5 14.Ne2 Bd6 15.
Ng3 Qg5 16.f4 Qh4 17.Rf3 Re8 18.Be1 Qh6 19.Nf5 Bxf5 20.Bxf5 g6 21.Rh3 Qf8 
22.Bh4 Qg7 23.Rd1 Rad8 24.Qb2 Be7 25.Bb1 Nh5 26.Qxg7+ Kxg7 27.Bxe7 Rxe7 
28.f5 Nf6 29.fxg6 hxg6 30.Rg3 Rde8 31.Kf2 Rxe3 32.Rxe3 Ng4+ 33.Kf3 Nxe3 
34.Rd3 Nf1 35.Rd1 Ne3 36.Rd3 Nxg2 37.Rxd5 Ne3 38.Rd7 Nf1 39.Kg2 Ne3+ 40.
Kf3 b5 41.Be4 Ng4 42.Rd6 Nxh2+ 43.Kf4 f5 44.Bd3 Ra8 45.Be2 Kh6 46.Kg3 Ng4 
47.Bxg4 fxg4 48.Kxg4 b4 49.Rb6 a5 50.Rb5 Ra6 51.Kh4 Kg7 52.Kg5 Kf7 53.Re5 
Kf8 54.Re2 Kg7 55.Re7+ Kf8 56.Rb7 Kg8 57.Kh6 Kf8 58.Kg5 1/2-1/2

[Event "zonal 3.5 (w)"]
[Site "Tianjin CHN"]
[Date "2007.04.29"]
[Round "2.4"]
[White "Li Haoyu"]
[Black "Wang Rui"]
[Result "0-1"]
[WhiteElo "2285"]
[BlackElo "2482"]
[EventDate "2007.04.28"]
[PlyCount "42"]

1.c4 e5 2.Nc3 Nf6 3.g3 Bb4 4.Bg2 O-O 5.e4 Bxc3 6.bxc3 c6 7.Qb3 Na6 8.Ba3 
d6 9.d3 Re8 10.Ne2 Nc7 11.O-O d5 12.cxd5 cxd5 13.exd5 Ncxd5 14.d4 Bg4 15.
dxe5 Rxe5 16.Nd4 Qd7 17.Rab1 Nb6 18.Rfe1 Rae8 19.Rxe5 Rxe5 20.Qb4 h6 21.
Nb5 Bf5 0-1

[Event "zonal 3.5 (w)"]
[Site "Tianjin CHN"]
[Date "2007.04.29"]
[Round "2.6"]
[White "Ding Liren"]
[Black "Zhang Pengxiang"]
[Result "0-1"]
[WhiteElo "2289"]
[BlackElo "2657"]
[EventDate "2007.04.28"]
[PlyCount "48"]

1.d4 d5 2.Nf3 c6 3.e3 Nf6 4.c4 e6 5.Nc3 Nbd7 6.Qc2 Bd6 7.g4 dxc4 8.g5 Nd5 
9.Bxc4 b5 10.Be2 Nxc3 11.bxc3 Bb7 12.e4 e5 13.Be3 O-O 14.O-O Qe7 15.Nd2 f6
16.a4 a6 17.h4 Kh8 18.Bg4 fxg5 19.hxg5 exd4 20.cxd4 c5 21.d5 Bf4 22.Nf3 
Ne5 23.Qxc5 Nxf3+ 24.Bxf3 Bd6 0-1

[Event "zonal 3.5 (w)"]
[Site "Tianjin CHN"]
[Date "2007.04.29"]
[Round "2.8"]
[White "Wang Hao"]
[Black "Wang Li"]
[Result "1-0"]
[WhiteElo "2638"]
[BlackElo "2337"]
[EventDate "2007.04.28"]
[PlyCount "57"]

1.e4 c5 2.Nf3 e6 3.d4 cxd4 4.Nxd4 a6 5.Bd3 Bc5 6.Nb3 Be7 7.O-O d6 8.Qg4 g6
9.Qe2 Nd7 10.Na3 Qc7 11.Nc4 b6 12.a4 Bb7 13.f4 d5 14.exd5 Bxd5 15.Ne5 Bb7 
16.Nxd7 Qxd7 17.Be3 Qc7 18.a5 b5 19.c4 bxc4 20.Bxc4 Nf6 21.Rac1 Qb8 22.Bd4
O-O 23.f5 gxf5 24.Rxf5 exf5 25.Qxe7 Ne4 26.Rc3 Qf4 27.Rf3 Qg5 28.Qe5 Qf6 
29.Rg3+ 1-0

[Event "zonal 3.5 (w)"]
[Site "Tianjin CHN"]
[Date "2007.04.29"]
[Round "2.9"]
[White "Yu Yangyi"]
[Black "Zhou Jianchao"]
[Result "0-1"]
[WhiteElo "2204"]
[BlackElo "2572"]
[EventDate "2007.04.28"]
[PlyCount "120"]

1.e4 c5 2.Nf3 d6 3.d4 cxd4 4.Nxd4 Nf6 5.Nc3 a6 6.Bc4 e6 7.Bb3 Nc6 8.Be3 
Be7 9.O-O O-O 10.f4 Nxd4 11.Bxd4 b5 12.e5 dxe5 13.fxe5 Nd7 14.Ne4 Bb7 15.
Nd6 Bxd6 16.exd6 Qg5 17.Qe2 Rac8 18.Rad1 e5 19.Be3 Qg6 20.c3 Bc6 21.Bd5 
Bxd5 22.Rxd5 Rc6 23.Qd3 Qxd3 24.Rxd3 f6 25.Ra1 Rb8 26.b4 Kf7 27.a4 Ke6 28.
axb5 axb5 29.Bc5 Nxc5 30.bxc5 Rd8 31.Ra7 Rd7 32.Ra8 Rxc5 33.Re8+ Kf7 34.
Rb8 h5 35.Kf2 g6 36.Ke2 Rc6 37.Rxb5 Rcxd6 38.Rxd6 Rxd6 39.c4 Ke6 40.Rb8 h4
41.Rh8 g5 42.Rb8 Kf5 43.Rb3 Ke4 44.g3 hxg3 45.hxg3 Rc6 46.Rf3 f5 47.Re3+ 
Kd4 48.Rd3+ Kxc4 49.Rd8 e4 50.Ke3 Ra6 51.Rg8 Ra3+ 52.Kf2 Rf3+ 53.Kg2 f4 
54.gxf4 gxf4 55.Rd8 Rd3 56.Rf8 Rd2+ 57.Kf1 f3 58.Ke1 Re2+ 59.Kf1 Kd3 60.
Ra8 Rc2 0-1

[Event "zonal 3.5 (w)"]
[Site "Tianjin CHN"]
[Date "2007.04.29"]
[Round "2.10"]
[White "Wu Wenjin"]
[Black "Ding Yixin"]
[Result "1/2-1/2"]
[WhiteElo "2498"]
[BlackElo "2276"]
[EventDate "2007.04.28"]
[PlyCount "143"]

1.Nf3 Nf6 2.c4 c5 3.Nc3 g6 4.e3 Bg7 5.d4 cxd4 6.exd4 O-O 7.Bg5 d6 8.h3 Bf5
9.g4 Be6 10.d5 Bd7 11.Qd2 Re8 12.Nd4 Na6 13.f3 Nc5 14.Kf2 Qb6 15.Kg2 e5 
16.dxe6 fxe6 17.Rd1 e5 18.Ndb5 e4 19.Be2 Bc6 20.Bxf6 Bxf6 21.Nd5 Bxd5 22.
Qxd5+ Ne6 23.fxe4 Qe3 24.Rhf1 Be5 25.Rd3 Qxe2+ 26.Rf2 Qe1 27.Nc7 Rf8 28.
Rdf3 Rxf3 29.Rxf3 Kh8 30.Nxe6 Qe2+ 31.Rf2 Qe3 32.Qxb7 Qg3+ 33.Kf1 Qd3+ 34.
Ke1 Rg8 35.Qf7 Qb1+ 36.Ke2 Qxb2+ 37.Kf1 Qb1+ 38.Kg2 Qxe4+ 39.Qf3 Qxc4 40.
Ng5 Rc8 41.Qb7 Qc6+ 42.Qxc6 Rxc6 43.Rf8+ Kg7 44.Rf7+ Kg8 45.Rxa7 h6 46.Nf7
Bg7 47.a4 d5 48.a5 d4 49.Kf3 d3 50.g5 hxg5 51.a6 d2 52.Ke2 Bc3 53.Nh6+ Kf8
54.Rd7 Rxa6 55.Ng4 Ra1 56.Nf2 Re1+ 57.Kf3 Bb4 58.Rd4 Rf1 59.Rd5 Kf7 60.Kg2
Re1 61.Kf3 Ke6 62.Rd3 Re5 63.Nd1 Re1 64.Nf2 Ba5 65.Kg2 Ke5 66.Kf3 Ra1 67.
Kg2 Re1 68.Kf3 Bb6 69.Ng4+ Kf5 70.Rd5+ Ke6 71.Rxd2 Rf1+ 72.Kg2 1/2-1/2

[Event "zonal 3.5 (w)"]
[Site "Tianjin CHN"]
[Date "2007.04.29"]
[Round "2.11"]
[White "Wang Xiaohui"]
[Black "Wan Yunguo"]
[Result "0-1"]
[WhiteElo "2190"]
[BlackElo "2386"]
[EventDate "2007.04.28"]
[PlyCount "124"]

1.d4 Nf6 2.c4 g6 3.Nc3 Bg7 4.e4 d6 5.f3 O-O 6.Be3 c5 7.Nge2 Nc6 8.Qd2 a6 
9.Rd1 cxd4 10.Nxd4 Nxd4 11.Bxd4 Be6 12.Be2 Qa5 13.O-O Rfc8 14.Nd5 Qxd2 15.
Rxd2 Nxd5 16.exd5 Bxd4+ 17.Rxd4 Bd7 18.a3 b5 19.cxb5 axb5 20.Rb4 Rc5 21.
Rd1 Ra4 22.Rb3 Rf4 23.g3 Rf5 24.Rbd3 Re5 25.Kf2 g5 26.Rd4 Kg7 27.R1d2 Rf5 
28.Bd1 Bc8 29.Bb3 Bb7 30.R2d3 h5 31.Re3 Kf8 32.Red3 Rc1 33.Rb4 Re5 34.Re3 
Rc5 35.Rd4 Rf5 36.Red3 Ke8 37.Ke2 Kd7 38.Kd2 g4 39.f4 Kc7 40.Ba2 Kd8 41.
Rc3 h4 42.b4 Rxc3 43.Kxc3 Rh5 44.Rd3 Bc8 45.Bb3 Bd7 46.Re3 Rh6 47.Kd4 h3 
48.Bd1 e6 49.a4 bxa4 50.Ra3 Rh5 51.dxe6 Bxe6 52.Bxa4 Kc7 53.Rc3+ Kb7 54.
Bc6+ Kb6 55.b5 Rc5 56.Ra3 Rc4+ 57.Kd3 Rb4 58.Rc3 Rb2 59.Be8 Rxh2 60.Rc6+ 
Kb7 61.Rxd6 Rg2 62.Ke4 h2 0-1

[Event "zonal 3.5 (w)"]
[Site "Tianjin CHN"]
[Date "2007.04.29"]
[Round "2.12"]
[White "Wang Yu"]
[Black "Lou Yiping"]
[Result "1/2-1/2"]
[WhiteElo "2384"]
[BlackElo "2268"]
[EventDate "2007.04.28"]
[PlyCount "90"]

1.e4 e6 2.Qe2 d5 3.exd5 Qxd5 4.Nc3 Qd8 5.Nf3 c5 6.g3 Nc6 7.Bg2 Nf6 8.O-O 
Be7 9.b3 O-O 10.Bb2 a6 11.Rfe1 Bd7 12.d3 Rc8 13.Ne4 Nxe4 14.dxe4 Qc7 15.e5
Rfd8 16.h4 Be8 17.Red1 Rxd1+ 18.Rxd1 Rd8 19.Rxd8 Qxd8 20.a3 b5 21.Nd2 Qc7 
22.Be4 Nd4 23.Qe3 Qd8 24.Qd3 h6 25.c3 Nc6 26.Qxd8 Bxd8 27.f4 f5 28.exf6 
Bxf6 29.Bd3 Na5 30.b4 cxb4 31.axb4 Nb7 32.Ne4 Be7 33.Kf2 Bg6 34.Ke3 Bxe4 
35.Kxe4 Bf6 36.Ke3 Nd6 37.Kd2 h5 38.Bg6 Nc4+ 39.Kc2 Ne3+ 40.Kd3 Nf1 41.
Bxh5 Nxg3 42.Bf3 Nf5 43.Bb7 Nd6 44.Bxa6 Bxh4 45.Bc1 Bf2 1/2-1/2

[Event "zonal 3.5 (w)"]
[Site "Tianjin CHN"]
[Date "2007.04.29"]
[Round "2.13"]
[White "Ju Wenjun"]
[Black "Zhang Xiaowen"]
[Result "1/2-1/2"]
[WhiteElo "2345"]
[BlackElo "2203"]
[EventDate "2007.04.28"]
[PlyCount "43"]

1.d4 Nf6 2.Nf3 g6 3.c4 Bg7 4.g3 O-O 5.Bg2 d6 6.O-O c6 7.Nc3 Qa5 8.e4 e5 9.
h3 Nbd7 10.Re1 exd4 11.Nxd4 Ne5 12.Bf1 Re8 13.Kg2 d5 14.cxd5 cxd5 15.Nb3 
Qb6 16.Be3 Qe6 17.exd5 Qxh3+ 18.Kg1 Qg4 19.Be2 Qh3 20.Bf1 Qg4 21.Be2 Qh3 
22.Bf1 1/2-1/2

[Event "zonal 3.5 (w)"]
[Site "Tianjin CHN"]
[Date "2007.04.29"]
[Round "2.14"]
[White "Wei Chenpeng"]
[Black "An Zhixiao"]
[Result "0-1"]
[WhiteElo "2343"]
[BlackElo "2169"]
[EventDate "2007.04.28"]
[PlyCount "74"]

1.d4 Nf6 2.c4 e6 3.Nf3 b6 4.a3 Bb7 5.Nc3 d5 6.cxd5 exd5 7.Bf4 Bd6 8.Qd2 
O-O 9.Bxd6 Qxd6 10.b4 Ne4 11.Qd3 a5 12.b5 c5 13.g3 Qf6 14.Na4 Nd7 15.Bh3 
c4 16.Qd1 Rfd8 17.O-O Nf8 18.Ne5 Qd6 19.Qc2 f6 20.Nf3 Bc8 21.Bg2 Bd7 22.
Rab1 Ne6 23.Bh3 Rab8 24.Nc3 Nxc3 25.Bxe6+ Qxe6 26.Qxc3 Qxe2 27.Rfe1 Qd3 
28.Qxd3 cxd3 29.Re3 Re8 30.Ne1 Rxe3 31.fxe3 d2 32.Nf3 Bf5 33.Ra1 d1=Q+ 34.
Rxd1 Bg4 35.Kf2 Rc8 36.Rd2 Rc3 37.a4 Ra3 0-1

[Event "zonal 3.5 (w)"]
[Site "Tianjin CHN"]
[Date "2007.04.29"]
[Round "2.15"]
[White "Zhao Jun"]
[Black "Wang Jiaquan"]
[Result "1-0"]
[WhiteElo "2554"]
[BlackElo "2276"]
[EventDate "2007.04.28"]
[PlyCount "115"]

1.d4 Nf6 2.c4 e6 3.g3 d5 4.Bg2 dxc4 5.Nf3 Nc6 6.O-O Rb8 7.Bg5 Be7 8.e3 O-O
9.a4 h6 10.Bxf6 Bxf6 11.Nfd2 Na5 12.Qc2 c5 13.dxc5 Qc7 14.Na3 Qxc5 15.Ne4 
Qe7 16.Nxf6+ Qxf6 17.Nxc4 b6 18.Nd6 Ba6 19.Rfd1 Nb7 20.Nb5 Rfc8 21.Qb1 Na5
22.Nxa7 Rc7 23.b4 Nc4 24.Nc6 Rbc8 25.b5 Bb7 26.Rd4 Na5 27.Nxa5 Bxg2 28.
Kxg2 e5 29.Rd2 bxa5 30.Raa2 Rc1 31.Qd3 R1c3 32.Qd5 R3c5 33.Qf3 Qe6 34.Qe4 
Rc4 35.Qd5 Qf6 36.Qf3 Qe6 37.Qe2 Rb4 38.Rdc2 Rd8 39.Rcb2 Rc4 40.Ra1 Qd5+ 
41.Qf3 e4 42.Qe2 Rb8 43.Raa2 Rc3 44.Rc2 Rd3 45.Rab2 Rb6 46.Rc8+ Kh7 47.
Rbc2 Rf6 48.R8c5 Qd7 49.Re5 g5 50.h3 Re6 51.Rxe6 Qxe6 52.Rc6 Qf5 53.Ra6 
Qd5 54.Qh5 Rd2 55.Rf6 Kg8 56.Qxh6 Rb2 57.g4 Qe5 58.Rf5 1-0

[Event "zonal 3.5 (w)"]
[Site "Tianjin CHN"]
[Date "2007.04.29"]
[Round "2.16"]
[White "Li Chao"]
[Black "Tian Bohan"]
[Result "1-0"]
[WhiteElo "2525"]
[BlackElo "2249"]
[EventDate "2007.04.28"]
[PlyCount "51"]

1.e4 c5 2.Nf3 e6 3.d4 cxd4 4.Nxd4 Nf6 5.Nc3 d6 6.Be2 a6 7.a4 Nc6 8.O-O Be7
9.Kh1 O-O 10.f4 Qc7 11.Be3 Re8 12.Bd3 Nb4 13.a5 Bd7 14.Qf3 Bc6 15.Qg3 Nd7 
16.f5 e5 17.f6 Bxf6 18.Nf5 Nc5 19.Bc4 Ne6 20.Rad1 Kh8 21.Bb6 Qd7 22.Rxd6 
Qc8 23.Nh6 gxh6 24.Rxf6 Ng5 25.Rxh6 Nxe4 26.Rxh7+ 1-0